00372nam a2200145Ia 4500008004100000020001500041041001200056082001600068100001700084245005100101260003700152300000800189650001400197700001500211221030s9999 xx 000 0 und d a9971513099 aEnglish a105.23bPet aJ. F. Peters 0aSoftware Engineering - An Engineering Approach bJohn Wiley & SonsaMumbaic2000 a702 aComputers aW. Pedrycz